000 00309nam a22001457a 4500
008 210531b ||||| |||| 00| 0 eng d
020 _a9780073530178
041 _aeng
080 _a33
082 _a33
100 _a54
101 _aBIZ
245 _aBusiness & Society
_cLawrence,A.T
942 _2udc
_cBK
999 _c57859
_d57859